Automobile engineering : (Record no. 95383)

MARC details
000 -LEADER
fixed length control field 00657nam a22001937a 4500
005 - DATE AND TIME OF LATEST TRANSACTION
control field 20151103151820.0
010 ## - LCCN (DPL NO)
LC control number ENG-113754
020 ## - INTERNATIONAL STANDARD BOOK NUMBER
International Standard Book Number 9789383450183
Terms of availability 450.00
035 ## - SYSTEM CONTROL NUMBER
System control number EN- 97286
037 ## - SOURCE OF ACQUISITION
Source of stock number/acquisition DBAD/PUB
082 ## - DEWEY DECIMAL CLASSIFICATION NUMBER
Classification number 629.2
100 ## - MAIN ENTRY--PERSONAL NAME
Personal name Sharma, Abhishek
245 ## - TITLE STATEMENT
Title Automobile engineering :
Statement of responsibility, etc by Abhishek Sharma
Remainder of title manufacturing technology, mechanical engineering, entrepreneurs development & mechanical workshop /
260 ## - PUBLICATION, DISTRIBUTION, ETC. (IMPRINT)
Place of publication, distribution, etc Noida
Name of publisher, distributor, etc VPS Engineering Impex
Date of publication, distribution, etc 2015
270 ## - ADDRESS
Address A-8, Hosiery Complex, Phase-II
City Noida
Postal code 201305
300 ## - PHYSICAL DESCRIPTION
Extent xiv,154p.
Dimensions 24cm(pbk)
500 ## - GENERAL NOTE
General note Includes index
942 ## - ADDED ENTRY ELEMENTS (KOHA)
Source of classification or shelving scheme Dewey Decimal Classification
Item type English Books
Call number suffix SHA
Classification part 629.2
Holdings
Withdrawn status Lost status Not for loan Collection code Home library Current library Date acquired Source of acquisition Cost, normal purchase price Full call number Barcode Copy number Cost, replacement price Koha item type
    Not For Loan Non-fiction D.B.Act.Division D.B.Act.Division 31/07/2015 DBAD/PUB 450.00 629.2 SHA EN-97286 1 450.00 English Books

© Delhi Public Library
Hit Counter
free hit counter